000 00381nam a2200145Ia 4500
008 230312s9999||||xx |||||||||||||| ||und||
020 _a9781119514060
082 _a005.52
_bGOO-W
100 _aGookin,Dan
245 0 _aAndroid phones & tablets
260 _bWiley
_aUSA
_c2019
300 _a381
650 _aComputer
_vCOMPUTERS Desktop Applications Word Processing
942 _cBK
999 _c18229
_d18229